000 00886nam a2200205Ia 4500
999 _c36621
_d36621
001 2541
003 GE_BSU
005 20250404165605.0
008 181216s1997||||ge |||||||||||||| ||geo||
040 _cGE_BSU
041 _ageo
080 _a330.8 ხ–27
100 _aხარიტონაშვილი, ჯემალ
_921351
245 _aეკონომიკურ მოძღვრებათა რეტროსპექტივა და პრობლემები :
_bნაწ. 2 /
_cჯემალ ხარიტონაშვილი; [რედ. ჯ. კახნიაშვილი].
264 _aთბილისი :
_bსაქპროფგამი,
_c1997.
300 _a159 გვ.
653 _aეკონომიკა
700 _aკახნიაშვილი, ჯ.
_eრედაქტორი
_924739
942 _cBK
_2udc